[Event "Challenge"]
[Site "http://www.queenalice.com/game.php?id=120254"]
[Date "2006.10.23"]
[Round "-"]
[White "PasdeQuartier"]
[Black "Narz"]
[Result "0-1"]
[WhiteElo "1492"]
[BlackElo "1552"]

1. e4 c5 2. Bc4 Nc6 3. Nf3 g6 4. d4 cxd4 5. Nxd4 Bg7 6. Be3 Nf6 7. Nc3 O-O 8. f4
d6 9. Qf3 Qb6 10. Ncb5 Qa5+ 11. c3 a6 12. O-O axb5 13. Bxb5 Nxd4 0-1

[Event "Challenge"]
[Site "http://www.queenalice.com/game.php?id=121978"]
[Date "2006.10.26"]
[Round "-"]
[White "guermantes"]
[Black "PasdeQuartier"]
[Result "1-0"]
[WhiteElo "1643"]
[BlackElo "1504"]

1. d4 d5 2. Nf3 Bf5 3. e3 e6 4. Bd3 Bxd3 5. Qxd3 Bd6 6. O-O Nc6 7. c3 e5 8. Nxe5
Bxe5 9. dxe5 Nxe5 10. Qc2 Nf6 11. Nd2 O-O 12. Re1 Re8 13. e4 Neg4 14. h3 Ne5 15.
b4 c6 16. Nb3 dxe4 17. Nc5 Nd3 18. Rd1 Qe7 19. Nxd3 exd3 20. Qxd3 Rad8 21. Qf3
Rxd1+ 22. Qxd1 Qe1+ 23. Qxe1 Rxe1+ 24. Kh2 Ne4 25. Bb2 Rxa1 26. Bxa1 Nxf2 27. a4
f5 28. Kg3 Ne4+ 29. Kf4 g6 30. c4 Kf7 31. Bd4 b6 32. h4 h6 33. g4 Ke6 34. Bg7
g5+ 35. hxg5 hxg5+ 36. Ke3 Ng3 37. Kf3 Ne4 38. gxf5+ Kxf5 39. Bf8 g4+ 40. Kg2
Nc3 41. a5 bxa5 42. bxa5 Ne4 43. a6 g3 44. Be7 Kg4 45. Bd8 Nc5 46. Bf6 Nd3 47.
Bd4 Nf4+ 48. Kf1 g2+ 49. Kf2 g1=Q+ 50. Kxg1 1-0

[Event "Challenge"]
[Site "http://www.queenalice.com/game.php?id=123111"]
[Date "2006.10.29"]
[Round "-"]
[White "PasdeQuartier"]
[Black "jovy1097"]
[Result "0-1"]
[WhiteElo "1493"]
[BlackElo "1693"]

1. e4 c6 2. Nc3 d5 3. d4 dxe4 4. Nxe4 Bf5 5. Nc5 b6 6. Nb3 e6 7. Nf3 Bd6 8. Bd3
Bxd3 9. Qxd3 Nd7 10. O-O Ngf6 11. Bg5 O-O 12. Rad1 h6 13. Bh4 Rc8 14. c4 Re8 15.
Rfe1 g5 16. c5 Bxh2+ 17. Kxh2 gxh4 18. Nbd2 Ng4+ 19. Kg1 f5 20. Nc4 Re7 21. Nfe5
Rg7 22. Nxg4 Rxg4 23. Qe3 Nf8 24. Ne5 Rg7 25. Qxh6 Qe7 26. Nf3 Rh7 27. Qg5+ Qxg5
28. Nxg5 Rh6 29. Rd3 Re8 30. b4 Re7 31. a4 Rg6 32. f4 Kg7 33. cxb6 axb6 34. a5
bxa5 35. bxa5 Kf6 36. Rde3 Rh6 37. a6 Rg6 38. Kh2 Rxg5 39. fxg5+ Kxg5 40. Kh3 f4
41. Re5+ Kh6 42. Kxh4 Ng6+ 0-1

[Event "AUTO-INT-239"]
[Site "http://www.queenalice.com/game.php?id=127084"]
[Date "2006.11.8"]
[Round "1"]
[White "AlBErTy"]
[Black "PasdeQuartier"]
[Result "1/2-1/2"]
[WhiteElo "2057"]
[BlackElo "1620"]

1. d4 d5 2. c4 dxc4 3. e3 Nf6 4. Bxc4 e6 5. Nf3 Nc6 6. O-O Bd6 7. Nc3 O-O 8. e4
e5 9. d5 Nd4 10. Nxd4 exd4 11. Qxd4 Qe7 12. Be3 Qe5 13. Qxe5 Bxe5 14. f4 Bxc3
15. bxc3 Nxe4 16. Rac1 Nd6 17. Bd3 Bf5 18. Bxf5 Nxf5 19. Kf2 Nxe3 20. Kxe3 Rfe8+
21. Kf3 Rad8 22. c4 c6 23. Rfd1 f5 24. dxc6 bxc6 25. c5 Kf7 26. Rd6 Rxd6 27.
cxd6 Rc8 28. d7 Rd8 29. Rxc6 Rxd7 30. Ra6 h5 31. Ke3 Rb7 32. Kd4 g6 33. Kc5 Kg7
34. Kc6 Rb2 35. Rxa7+ Kh6 36. g3 Rxh2 37. Ra3 Rh3 38. Rb3 h4 39. gxh4 Rxh4 40.
Rf3 g5 41. fxg5+ Kxg5 42. Kb5 f4 43. a4 Kg4 44. Rf1 Rh3 45. a5 Rb3+ 46. Kc4 Rb8
47. a6 f3 48. Kc5 Kg3 49. Kc6 Kg2 50. a7 Ra8 51. Rxf3 1/2-1/2

[Event "AUTO-INT-239"]
[Site "http://www.queenalice.com/game.php?id=127085"]
[Date "2006.11.8"]
[Round "1"]
[White "PasdeQuartier"]
[Black "AlBErTy"]
[Result "0-1"]
[WhiteElo "1493"]
[BlackElo "1945"]

1. e4 c6 2. Nf3 d5 3. exd5 cxd5 4. d4 Nf6 5. c4 Nc6 6. Nc3 Bg4 7. Bd3 e6 8. Bg5
Be7 9. O-O O-O 10. Re1 dxc4 11. Bxc4 a6 12. d5 Na5 13. Qa4 b5 14. Nxb5 axb5 15.
Qxb5 Bxf3 16. gxf3 Nxc4 17. Qxc4 Qxd5 18. Qc7 Qxg5+ 19. Kf1 Nd5 20. Re5 Nxc7 0-1

[Event "AUTO-INT-239"]
[Site "http://www.queenalice.com/game.php?id=127096"]
[Date "2006.11.8"]
[Round "1"]
[White "ricvila"]
[Black "PasdeQuartier"]
[Result "0-1"]
[WhiteElo "1606"]
[BlackElo "1634"]

1. e4 e5 2. Nf3 Nc6 3. Bc4 h6 4. Nc3 d6 5. d3 Bg4 6. h3 Bh5 7. O-O Nf6 8. Be3
Be7 9. Qe2 O-O 10. a3 Nd7 11. Rad1 Bf6 12. b4 Nd4 13. Bxd4 exd4 14. Na2 Ne5 15.
Bd5 Nxf3+ 16. gxf3 Be5 17. Rfe1 Qf6 18. Kg2 Qg5+ 0-1

[Event "AUTO-OPEN-445"]
[Site "http://www.queenalice.com/game.php?id=127356"]
[Date "2006.11.9"]
[Round "1"]
[White "PasdeQuartier"]
[Black "Marchess"]
[Result "0-1"]
[WhiteElo "1556"]
[BlackElo "1910"]

1. e4 d5 2. exd5 Qxd5 3. Nc3 Qa5 4. Nf3 c6 5. d4 Nf6 6. Bd3 Bg4 7. Bd2 Qd8 8.
Be3 e6 9. O-O Bb4 10. Bg5 Bxf3 11. Qxf3 Qxd4 12. Be3 Qg4 13. Qxg4 Nxg4 14. Bd4
e5 15. Rfe1 f6 16. Re4 O-O 17. Bc4+ Kh8 18. Bc5 Bxc5 19. Rxg4 Bd4 20. Rd1 Nd7
21. Bb3 Nb6 22. Be6 Bxc3 23. bxc3 Rad8 24. Rxd8 Rxd8 25. Kf1 Nd5 26. Bxd5 Rxd5
27. Rb4 Rb5 28. Ke2 Rxb4 29. cxb4 b5 30. Kd3 Kg8 31. c4 Kf7 32. h3 Ke6 33. Kc3
Kf5 34. Kb3 Ke4 35. a4 a6 36. axb5 axb5 37. Kc3 h5 38. cxb5 cxb5 0-1

[Event "AUTO-OPEN-445"]
[Site "http://www.queenalice.com/game.php?id=127357"]
[Date "2006.11.9"]
[Round "1"]
[White "Marchess"]
[Black "PasdeQuartier"]
[Result "1-0"]
[WhiteElo "1823"]
[BlackElo "1508"]

1. e4 e5 2. Nf3 Nc6 3. Bb5 d6 4. Bxc6+ bxc6 5. d4 Bg4 6. dxe5 d5 7. exd5 cxd5 8.
Be3 c6 9. Nbd2 d4 10. Bf4 Qb6 11. O-O Qxb2 12. Nc4 Qc3 13. Nd6+ Bxd6 14. exd6
Kd7 15. Ne5+ Ke8 16. Qxg4 f6 17. Qe6+ 1-0

[Event "AUTO-OPEN-445"]
[Site "http://www.queenalice.com/game.php?id=127358"]
[Date "2006.11.9"]
[Round "1"]
[White "PasdeQuartier"]
[Black "ricardosf"]
[Result "1-0"]
[WhiteElo "1485"]
[BlackElo "896"]

1. e4 Nf6 2. Nc3 c5 3. Nf3 g6 4. d4 cxd4 5. Nxd4 Qa5 6. Bd2 h5 7. Nd5 Qc5 8. Bb4
Qc4 9. Bxc4 Nxe4 10. Nc7+ Kd8 11. Nxa8 Nxf2 12. Kxf2 e5 13. Ne2 Bxb4 14. Qd5 Re8
15. Qxf7 Bc5+ 16. Ke1 e4 17. Qf6+ Be7 18. Qxg6 Bb4+ 19. c3 Bc5 20. Qg5+ Re7 21.
Rf1 Nc6 22. Rf8# 1-0

[Event "AUTO-OPEN-445"]
[Site "http://www.queenalice.com/game.php?id=127359"]
[Date "2006.11.9"]
[Round "1"]
[White "ricardosf"]
[Black "PasdeQuartier"]
[Result "0-1"]
[WhiteElo "909"]
[BlackElo "1554"]

1. e4 e5 2. d4 exd4 3. Qxd4 Nc6 4. Qc4 d6 5. h4 Be6 6. Qa4 Nf6 7. f3 d5 8. exd5
Nxd5 9. Bg5 f6 10. Bd2 Bd6 11. Nh3 O-O 12. g4 Qe8 13. g5 Be5 14. gxf6 Bxf6 15.
Rg1 Bxh4+ 16. Kd1 Rxf3 17. Qxh4 Bxh3 18. Bxh3 Ne3+ 19. Ke2 Nf5+ 20. Kxf3 Nxh4+
21. Kg3 Qg6+ 22. Kh2 Nf3+ 23. Kh1 Qxg1# 0-1

[Event "Challenge"]
[Site "http://www.queenalice.com/game.php?id=131785"]
[Date "2006.11.20"]
[Round "-"]
[White "pcescritor"]
[Black "PasdeQuartier"]
[Result "0-1"]
[WhiteElo "1598"]
[BlackElo "1586"]

1. e4 e5 2. Qh5 Nf6 3. Qxe5+ Be7 4. Nc3 Nc6 5. Qg3 Nd4 6. Bd3 d6 7. Nf3 Nxf3+ 8.
Qxf3 Bg4 9. Qe3 O-O 10. O-O Re8 11. b3 Bf8 12. Bb2 Bf5 13. Nb5 Bxe4 14. Bxf6 Qd7
15. Bxe4 Qxb5 16. a4 Qb4 17. Bc3 Qxe4 18. Qh3 Qxc2 19. a5 Qxb3 20. Rab1 Qd5 21.
Rb4 Qe6 22. Rxb7 Qxh3 23. gxh3 c5 24. d4 Re7 25. Rfb1 Rxb7 26. Rxb7 cxd4 27.
Bxd4 a6 28. h4 d5 29. Rd7 h5 30. Rxd5 g6 31. f4 Be7 32. f5 Rd8 33. Re5 Bf6 34.
Re2 Bxd4+ 35. Kg2 Bc3 36. fxg6 Rd2 37. gxf7+ Kxf7 38. Kf3 Rxe2 39. Kxe2 Bxa5 40.
h3 Bd8 41. Kd3 Bxh4 42. Kc4 a5 43. Kc5 Be1 44. Kd4 Kf6 45. Ke3 Kg5 46. Kf3 a4
47. Kg2 a3 48. Kf1 Bb4 49. Kg2 a2 50. Kg3 h4+ 51. Kf3 a1=Q 0-1

[Event "Challenge"]
[Site "http://www.queenalice.com/game.php?id=152399"]
[Date "2007.1.10"]
[Round "-"]
[White "PasdeQuartier"]
[Black "lepiaf"]
[Result "1/2-1/2"]
[WhiteElo "1634"]
[BlackElo "1605"]

1. e4 e5 2. Nf3 Nc6 3. Nc3 f5 4. d4 Qf6 5. dxe5 Nxe5 6. Nxe5 Qxe5 7. Qe2 Bb4 8.
Bd2 Ne7 9. O-O-O d6 10. Qb5+ Nc6 11. Qxe5+ dxe5 12. Bc4 f4 13. Nd5 Bd6 14. Rhe1
Be6 15. Nxc7+ Bxc7 16. Bxe6 Nd4 17. Bd5 O-O-O 18. Bc3 Nb5 19. Be6+ Kb8 20. Bb4
h5 21. a4 Nd4 22. Bc4 g5 23. c3 Nc6 24. Ba3 g4 25. b4 f3 26. b5 Na5 27. Bd5 Bb6
28. gxf3 gxf3 29. Bb4 Bxf2 30. Rf1 Be3+ 31. Kc2 Bb6 32. Rxf3 Rh7 33. c4 Rc8 34.
Kd3 Nb3 35. Rf5 Re8 36. Rb1 Nc5+ 37. Bxc5 Bxc5 38. Rbf1 Kc7 39. Rf7+ Rxf7 40.
Rxf7+ Kb6 41. Kc3 Re7 42. Kb3 Rxf7 43. Bxf7 h4 44. h3 a6 45. bxa6 Kxa6 46. Be8
Ka5 47. Bd7 1/2-1/2

[Event "Challenge"]
[Site "http://www.queenalice.com/game.php?id=168704"]
[Date "2007.2.14"]
[Round "-"]
[White "lepiaf"]
[Black "PasdeQuartier"]
[Result "1-0"]
[WhiteElo "1618"]
[BlackElo "1649"]

1. d4 d5 2. Nc3 e6 3. a3 Nc6 4. Bf4 Bd6 5. Qd2 Nge7 6. Bxd6 Qxd6 7. Nb5 Qd7 8.
Qf4 e5 9. Qg3 O-O 10. dxe5 Nxe5 11. e3 a6 12. Nd4 Nf5 13. Qxe5 c5 14. Nxf5 Qxf5
15. Qxf5 Bxf5 16. O-O-O Rfd8 17. Nf3 b5 18. Bd3 Bg4 19. Rd2 Bxf3 20. gxf3 Rd6
21. e4 dxe4 22. Bxe4 Rxd2 23. Kxd2 Rd8+ 24. Kc3 g6 25. b3 Kg7 26. Bc6 Rd6 27.
Bb7 Kf6 28. a4 Rb6 29. Bd5 Rd6 30. Bb7 Rb6 31. Be4 bxa4 32. bxa4 Rb4 33. Bc6 Rb6
34. Bd5 Rb4 35. Ra1 a5 36. Ra3 1-0